Premier League XIs 1993-94 - Statistics

General Stats
  • This quiz has been taken 222 times
  • The average score is 85 of 242
Answer Stats
Position Answer % Correct
GK David Seaman Arsenal
92%
ST Alan Shearer Blackburn Rovers
89%
MF Ryan Giggs Manchester United
89%
DF Tony Adams Arsenal
89%
ST Ian Wright Arsenal
87%
MF Micky Adams Southampton
87%
DF Mark Wright Liverpool
86%
GK Peter Schmeichel Manchester United
86%
ST Eric Cantona Manchester United
85%
DF Lee Dixon Arsenal
85%
MF Roy Keane Manchester United
83%
DF Denis Irwin Manchester United
79%
ST Andy Cole Newcastle United
77%
DF Steve Bruce Manchester United
77%
ST Mark Hughes Manchester United
76%
DF Rob Jones Liverpool
76%
MF Vinnie Jones Wimbledon
76%
MF Ryan Jones Sheffield Wednesday
75%
ST Ian Rush Liverpool
73%
DF Martin Keown Arsenal
73%
DF Nigel Winterburn Arsenal
73%
MF Peter Fear Wimbledon
73%
MF Ray Parlour Arsenal
73%
ST Chris Sutton Norwich City
69%
DF Gary Pallister Manchester United
69%
ST Robbie Fowler Liverpool
69%
ST Jostein Flo Sheffield United
68%
ST Les Ferdinand Queens Park Rangers
68%
ST Teddy Sheringham Tottenham Hotspur
68%
DF Henning Berg Blackburn Rovers
66%
MF John Barnes Liverpool
65%
MF Paul Ince Manchester United
65%
GK Tim Flowers Blackburn Rovers
65%
MF Andrei Kanchelskis Manchester United
62%
GK Bruce Grobbelaar Liverpool
62%
ST Matt Le Tissier Southampton
62%
MF Steve McManaman Liverpool
62%
ST Kevin Campbell Arsenal
61%
MF Paul Merson Arsenal
61%
DF Sol Campbell Tottenham Hotspur
61%
MF Garry Parker Aston Villa
59%
DF Paul Parker Manchester United
59%
MF Tim Sherwood Blackburn Rovers
59%
DF Graeme Le Saux Blackburn Rovers
58%
MF Dennis Wise Chelsea
56%
MF Gary Speed Leeds United
56%
MF Jamie Redknapp Liverpool
56%
MF Darren Anderton Tottenham Hotspur
54%
GK Neville Southall Everton
54%
DF Dave Watson Everton
52%
DF Frank Sinclair Chelsea
52%
DF Steve Watson Newcastle United
52%
MF Trevor Sinclair Queens Park Rangers
52%
MF Gary McAllister Leeds United
51%
MF Lee Clark Newcastle United
51%
DF Neil Ruddock Liverpool
51%
DF Colin Hendry Blackburn Rovers
48%
DF Des Walker Sheffield Wednesday
48%
AM Rob Lee Newcastle United
48%
DF Steve Clarke Chelsea
48%
GK Steve Ogrizovic Coventry City
48%
MF Andy Townsend Aston Villa
46%
GK Dmitri Kharine Chelsea
46%
DF Shaun Taylor Swindon Town
46%
DF Steve Staunton Aston Villa
46%
MF Stuart Ripley Blackburn Rovers
46%
ST Dalian Atkinson Aston Villa
45%
ST Dean Saunders Aston Villa
45%
MF Jason Wilcox Blackburn Rovers
45%
GK Mark Bosnich Aston Villa
45%
ST Micky Quinn Coventry City
45%
ST Niall Quinn Manchester City
45%
ST Peter Beardsley Newcastle United
45%
ST Tony Cottee Everton
45%
ST Brian Deane Leeds United
44%
GK Bryan Gunn Norwich City
44%
MF David Batty Blackburn Rovers
44%
DF David May Blackburn Rovers
44%
ST Graeme Sharp Oldham Athletic
44%
DF Clive Wilson Queens Park Rangers
42%
DF Julian Dicks Liverpool
42%
GK Pavel Srníček Newcastle United
42%
DF Warren Barton Wimbledon
42%
GK Alan Kelly Sheffield United
41%
DF Gary Kelly Leeds United
41%
ST John Fashanu Wimbledon
41%
ST Mark Bright Sheffield Wednesday
41%
DF Paul McGrath Aston Villa
41%
DF Phil Babb Coventry City
41%
GK Tony Coton Manchester City
41%
DF Darren Peacock Queens Park Rangers
39%
MF Gavin Peacock Chelsea
39%
MF Geraint Williams Ipswich Town
39%
MF Gordon Strachan Leeds United
39%
MF John Williams Coventry City
39%
DF Justin Edinburgh Tottenham Hotspur
39%
GK Luděk Mikloško West Ham United
39%
ST Mark Stein Chelsea
39%
MF Carlton Palmer Sheffield Wednesday
38%
MF Kevin Richardson Aston Villa
38%
ST Rod Wallace Leeds United
38%
MF Ruel Fox Norwich City
38%
DF Andy Pearce Sheffield Wednesday
37%
GK Hans Segers Wimbledon
37%
MF John Jensen Arsenal
37%
DF Keith Curle Manchester City
37%
GK Kevin Pressman Sheffield Wednesday
37%
DF Matt Jackson Everton
37%
MF Steve Palmer Ipswich Town
37%
ST Chris Kiwomya Ipswich Town
35%
MF David Rocastle Manchester City
35%
ST Lee Chapman West Ham United
35%
DF Gary Mabbutt Tottenham Hotspur
34%
DF Jeff Kenna Southampton
34%
MF Nick Barmby Tottenham Hotspur
34%
DF Tony Dorigo Leeds United
34%
MF Andy Sinton Sheffield Wednesday
32%
DF David Wetherall Leeds United
32%
DF Erland Johnsen Chelsea
32%
ST Jan Åge Fjørtoft Swindon Town
32%
DF John Beresford Newcastle United
32%
ST Kevin Gallacher Blackburn Rovers
32%
MF Robbie Earle Wimbledon
32%
DF Steve Nicol Liverpool
32%
GK Dave Beasant Southampton
31%
DF Francis Benali Southampton
31%
MF Jeremy Goss Norwich City
31%
DF John Scales Wimbledon
31%
DF John Wark Ipswich Town
31%
DF Neil Thompson Ipswich Town
31%
ST Peter Ndlovu Coventry City
31%
DF Phil Whelan Ipswich Town
31%
DF Andy Hinchcliffe Everton
30%
DF David Burrows West Ham United
30%
MF Eddie Newton Chelsea
30%
ST Ian Marshall Ipswich Town
30%
DF Ken Monkou Southampton
30%
MF Mike Marsh West Ham United
30%
MF Paul Allen Southampton
30%
DF Steve Wood Southampton
30%
DF Terry Phelan Manchester City
30%
MF Andy Impey Queens Park Rangers
28%
DF Earl Barrett Aston Villa
28%
ST Efan Ekoku Norwich City
28%
MF Graham Stuart Everton
28%
DF Peter Atherton Coventry City
28%
DF Shaun Teale Aston Villa
28%
ST Dean Holdsworth Wimbledon
27%
GK Erik Thorstvedt Tottenham Hotspur
27%
DF Nigel Worthington Sheffield Wednesday
27%
GK Craig Forrest Ipswich Town
25%
DF David Linighan Ipswich Town
25%
MF Garry Flitcroft Manchester City
25%
DF Gary Ablett Everton
25%
MF Jason Dozzell Tottenham Hotspur
25%
MF Nicky Summerbee Swindon Town
25%
MF Ray Houghton Aston Villa
25%
GK Fraser Digby Swindon Town
24%
ST Iain Dowie Southampton
24%
MF Ray Wilkins Queens Park Rangers
23%
MF Vinny Samways Tottenham Hotspur
23%
DF Barry Venison Newcastle United
21%
DF Dean Austin Tottenham Hotspur
21%
MF Mark Ward Everton
21%
MF Mitch Ward Sheffield United
21%
DF Brian Borrows Coventry City
20%
DF Chris Fairclough Leeds United
20%
DF Ian Culverhouse Norwich City
20%
MF Lawrie Sanchez Wimbledon
20%
MF Barry Horne Everton
18%
MF Chris Bart-Williams Sheffield Wednesday
18%
MF Eddie McGoldrick Arsenal
18%
MF John Moncur Swindon Town
18%
DF Michel Vonk Manchester City
18%
ST Neil Shipperley Chelsea
18%
DF Simon Charlton Southampton
18%
MF Ian Bishop West Ham United
17%
MF John Ebbrell Everton
17%
DF Jon Newsome Leeds United
17%
GK Mark Beeney Leeds United
17%
MF Nick Henry Oldham Athletic
17%
MF Peter Beagrie Everton
17%
DF Roland Nilsson Sheffield Wednesday
17%
DF Steve Potts West Ham United
17%
DF Tim Breacker West Ham United
17%
DF Mark Bowen Norwich City
15%
MF Scott Sellars Newcastle United
15%
MF Steve McMahon Manchester City
15%
MF Simon Barker Queens Park Rangers
14%
DF Steve Sedgley Tottenham Hotspur
14%
ST Trevor Morley West Ham United
13%
DF David Bardsley Queens Park Rangers
11%
MF Kevin Horlock Swindon Town
11%
DF Kevin Scott Newcastle United
11%
DF Mal Donaghy Chelsea
11%
MF Mick Stockwell Ipswich Town
11%
ST Mike Sheron Manchester City
11%
MF Paul Bracewell Newcastle United
11%
DF Craig Fleming Oldham Athletic
10%
ST Gary Penrice Queens Park Rangers
10%
MF Ian Crook Norwich City
10%
MF Neil Maddison Southampton
10%
DF Paul Bodin Swindon Town
10%
DF Richard Edghill Manchester City
10%
MF Dane Whitehouse Sheffield United
8%
DF David Rennie Coventry City
8%
MF Graham Hyde Sheffield Wednesday
8%
DF Jakob Kjeldbjerg Chelsea
8%
GK Jan Stejskal Queens Park Rangers
8%
DF John Polston Norwich City
8%
GK Jon Hallworth Oldham Athletic
8%
MF Mike Milligan Oldham Athletic
8%
DF Tony Gale West Ham United
8%
DF Carl Bradshaw Sheffield United
7%
DF Gary Elkins Wimbledon
7%
DF Luc Nijholt Swindon Town
7%
MF Martin Ling Swindon Town
7%
MF Paul Bernard Oldham Athletic
7%
MF Paul Rogers Sheffield United
7%
DF Richard Jobson Oldham Athletic
7%
MF Rick Holden Oldham Athletic
7%
DF Steve Redmond Oldham Athletic
7%
MF Stuart Slater Ipswich Town
7%
ST Andy Mutch Swindon Town
6%
DF Chris Makin Oldham Athletic
6%
MF Gary Megson Norwich City
6%
MF Glyn Hodges Sheffield United
6%
MF Julian Darby Coventry City
6%
DF Neil Pointon Oldham Athletic
6%
DF Paul Beesley Sheffield United
6%
DF Rob Newman Norwich City
6%
DF Roger Nilsen Sheffield United
6%
MF Sean Flynn Coventry City
6%
DF Steve Morgan Coventry City
6%
ST Willie Falconer Sheffield United
6%
DF Alan Kernaghan Manchester City
4%
MF Matty Holmes West Ham United
4%
DF Peter Butler West Ham United
4%
DF Adrian Whitbread Swindon Town
3%
DF Scott Fitzgerald Wimbledon
3%
DF Steve Yates Queens Park Rangers
3%
DF David Tuttle Sheffield United
1%
No matching quizzes found
Score Distribution
Percent of People with Each Score
Percentile by Number Answered
Your Score History
You have not taken this quiz